Ngôn ngữ
English
Deutsch
Español
Français
Italiano
日本語
Nederlands
Português
Português (Brasil)
中文(简体)
中文(繁體)
Türkçe
עברית
Gaeilge
Cymraeg
Ελληνικά
Català
Euskara
Русский
Čeština
Suomi
Svenska
polski
Dansk
slovenščina
اللغة العربية
বাংলা
Galego
Tiếng Việt
Hrvatski
हिंदी
Հայերէն
Українська
Tất cả các trường
Tiêu đề
Tác giả
Chủ đề
số ISBN/ISSN
Nhãn
Số nhận dạng
Tìm kiếm
Nâng cao
№ 4; Геология нефти и газа...
Trích dẫn điều này
Văn bản này
Email này
In
Xuất bản ghi
Xuất tới RefWorks
Xuất tới EndNoteWeb
Xuất tới EndNote
Liên kết dài hạn
Esportazione completata correttamente —
№ 4; Геология нефти и газа
Chi tiết về thư mục
Parent link:
Геология нефти и газа: научно-технический журнал/ Министерство геологии, нефтяной и газовой промышленности. № 4.— , 1959-.— 0016-7894
Ngôn ngữ:
Tiếng Nga
Được phát hành:
1990
Định dạng:
Sách
KOHA link:
https://koha.lib.tpu.ru/cgi-bin/koha/opac-detail.pl?biblionumber=466708
Đang giữ
Miêu tả
Những quyển sách tương tự
Chế độ xem nhân viên
MARC
LEADER
00000nam2a2200000 4500
001
466708
005
20231101090622.0
035
|a
(RuTPU)RU\TPU\prd\131335
035
|a
RU\TPU\prd\131332
090
|a
466708
100
|a
20120206a19579999k y0rusy50 ca
101
0
|a
rus
102
|a
RU
200
0
|a
№ 4
210
|d
1990
461
1
|0
(RuTPU)RU\TPU\prd\1421
|x
0016-7894
|t
Геология нефти и газа
|o
научно-технический журнал
|f
Министерство геологии, нефтяной и газовой промышленности
|v
№ 4
|d
1959-
801
1
|a
RU
|b
63413507
|c
20021210
|g
PSBO
801
2
|a
RU
|b
63413507
|c
20120206
|g
RCR
942
|c
BK
999
|a
НТБ_ТПУ
|b
НФ
|e
-8/20120110
|p
П-6138
|u
0,00
|v
1
Những quyển sách tương tự
№ 4; Геология нефти и газа
Được phát hành: (2010)
№ 4; Геология нефти и газа
Được phát hành: (1965)
№ 4; Геология нефти и газа
Được phát hành: (1967)
№ 4; Геология нефти и газа
Được phát hành: (1992)
№ 4; Геология нефти и газа
Được phát hành: (1993)